| 000 | 00997nam a22002657a 4500 | ||
|---|---|---|---|
| 001 | BD-DhSAU 9278 | ||
| 003 | BD-DhSAU | ||
| 005 | 20260512150255.0 | ||
| 008 | 260512b2018 bg a|||| m||| 00| 0 eng d | ||
| 040 | _aBD-DhSAU | ||
| 082 |
_222 _a631.4 _bT1839 |
||
| 100 |
_aSULTANA, TASNIM _eRegistration # 22010008 |
||
| 245 |
_aAssessment of chemical properties of marketed
soil and compost /
_bMS thesis |
||
| 260 |
_aSher-e-Bangla Agricultural University; _bDepartment of Soil Science, ; _c2024. |
||
| 300 |
_ax, 53p. : _bill. ; _c30 cm. |
||
| 500 | _aMS thesis of Department of Soil Science, ;, Faculty of Agriculture. Sher-e-Balgla Agricultural University Dhaka-1207 | ||
| 504 | _aIncludes bibliographical reference. | ||
| 590 | _aNazmul | ||
| 650 | _achemical properties | ||
| 650 | _amarketed soil and compost | ||
| 700 |
_aAssico. Prof. Dr. Dr. Mst. Sharmin Sultana _eSuperviser |
||
| 710 |
_eCo-Superviser _aProf. Dr. Alok Kumar Paul |
||
| 942 |
_2ddc _cTHESIS |
||
| 999 |
_c18390 _d18389 |
||